| 000 | 01815naa a22003737a 4500 | ||
|---|---|---|---|
| 001 | BR8703017 | ||
| 003 | BR-BrBNA | ||
| 005 | 20240918175804.0 | ||
| 007 | ta | ||
| 008 | 230509b bl.||||| |||| 00| 0 por d | ||
| 040 |
_aBR-BrBNA _bpor _cBiblioteca Nacional de Agricultura |
||
| 041 | _a(Pt) | ||
| 072 |
_aQ55 _b5300 _b8954 _bG514 |
||
| 090 | _aQ55 BR8703017 | ||
| 100 | 1 | _aBellaver, C. | |
| 100 | 1 | _aGomes, P.C. | |
| 100 | 1 | _aCosta, V. | |
| 100 | 1 | _aFialho, E.T. | |
| 100 | 1 | _aFreitas, A.R. de | |
| 110 | 1 | _aCentro Nacional de Pesquisa de Suinos e Aves, Concordia, SC (Brasil) | |
| 111 | 1 |
_a18. Congresso Brasileiro de Medicina Veterinaria; 3. Congresso Internacional de Veterinaria em Lingua Portuguesa; 3. Seminario Brasileiro de Parasitologia Veterinaria _cCamboriu, SC (Brazil) _d18-23 Oct 1982 |
|
| 245 | 1 | _aEfeitos da virginiamicina e cobre sobre o desempenho de suinos [Santa Catarina, Brasil] | |
| 260 | 3 |
_aFlorianopolis, SC (Brasil): _c1982. |
|
| 500 | _aResumos do 18. Congresso Brasileiro de Medicina Veterinaria; 3. Congresso Internacional de Veterinaria em Lingua Portuguesa e 3. Seminario Brasileiro de Parasitologia Veterinaria Florianopolis, SC (Brasil): 1982. p. 357 (BR8703017-AM)Q55 A monografia está disponível na(o)Summary only *Empresa Catarinense de Pesquisa Agropecuaria A.S., Florianopolis, SC (Brazil) | ||
| 650 | _aSUINO | ||
| 650 | _aRACAO | ||
| 650 | _aADITIVO | ||
| 650 | _aVIRGINIAMICINA | ||
| 650 | _aCOBRE | ||
| 650 | _aSANTA CATARINA | ||
| 773 | 0 |
_tResumos do 18. Congresso Brasileiro de Medicina Veterinaria; 3. Congresso Internacional de Veterinaria em Lingua Portuguesa e 3. Seminario Brasileiro de Parasitologia Veterinaria _wQ55 BR8703017 _gFlorianopolis, SC (Brasil), 1982. p. 357 |
|
| 909 |
_a202404 _bLucia _c55 _dLucia Elande |
||
| 942 |
_cAM _2AGRIS |
||
| 999 |
_c318142 _d318142 |
||